000
00251nam a2200109Ia 4500
008
230907s9999||||xx |||||||||||||| ||und||
082
_a
621.392
_b
PAL
245
0
_a
Verilog HDL :
260
_a
Pearson,
_b
Noida :
_c
2018
300
_a
490 p.
942
_c
BK
999
_c
601578
_d
601578